000 00415cas a2200157 4500
008 100616n eng u
022 _a0082-6413
035 _a(Sirsi) a170121
050 _aGN1.T7
245 _aTRIBUS
260 _aStuttgart
_b Linden-Museum
_c 2011.
310 _aAnnually.
362 _aNo.13, 1964 - No.60. 2011.
520 _aIt contains articles on academic scholarly.
650 _aMuseum.
999 _c9206
_d9206